00393nam a2200145Ia 450000500170000000800410001702000150005808200130007310000170008624500430010326000370014630000130018365000240019665000270022020250704015525.0240331s9999 xx 000 0 und d a9559348639 bBROa954 aBrohier, R.L 0aSeeing Ceylon :b Brohiar dutu lankawa aColombobSuriya publishersc2001 a351 p ., aSri Lanka - History aIrrigation - Sri Lanka